000
00354nam a22001697a 4500
005
20251003152727.0
020
_a
978-93-6958-592-2
041
_a
English
082
_a
001 R25 AGG
100
_a
Aggarwal Ashish
245
_a
Maths Xpert
250
_a
1
260
_a
New Delhi
_b
S.Chand
_c
2025
300
_a
380
365
_b
425.00
942
_c
BK
999
_c
176300
_d
176300